书目信息 |
| 题名: |
建筑结构设计术语速查手册
|
|
| 作者: | ;中国建筑工业出版社 编 | |
| 分册: | ||
| 出版信息: | 北京 中国建筑工业出版社 2009.10 |
|
| 页数: | 157页 | |
| 开本: | 20cm | |
| 丛书名: | ||
| 单 册: | ||
| 中图分类: | TU318-62 | |
| 科图分类: | ||
| 主题词: | 建筑结构--jian zhu jie gou--结构设计--技术手册 , 建筑结构--理论 , 建筑结构--结构计算 | |
| 电子资源: | ||
| ISBN: | 978-7-112-11371-2 | |
| 000 | 00971nam0 2200253 450 | |
| 001 | 012001000347 | |
| 005 | 20240326113337.10 | |
| 010 | @a978-7-112-11371-2@dCNY22.00 | |
| 100 | @a20100515d2009 km y0chiy0121 eb | |
| 101 | 0 | @achi |
| 102 | @aCN@b110000 | |
| 105 | @ay a 000yy | |
| 200 | 1 | @a建筑结构设计术语速查手册@Ajian zhu jie gou she ji shu yu su cha shou ce@f中国建筑工业出版社编@Fzhong guo jian zhu gong ye chu ban she bian |
| 210 | @a北京@c中国建筑工业出版社@d2009.10 | |
| 215 | @a157页@d20cm | |
| 320 | @a有书目 | |
| 330 | @a本手册以与现行规范统一为标准,分结构形式收集了结构设计常用的规范中的名词术语近千条,并提供拼音检索和英译检索的方式方便查阅。 | |
| 606 | 0 | @a建筑结构@Ajian zhu jie gou@x结构设计@x技术手册 |
| 606 | 0 | @a建筑结构@x理论 |
| 606 | 0 | @a建筑结构@x结构计算 |
| 690 | @aTU318-62@v4 | |
| 711 | 02 | @a中国建筑工业出版社@Azhong guo jian zhu gong ye chu ban she@4编 |
| 801 | 0 | @aCN@b河南城建学院图书馆@c20100515 |
| 905 | @dTU318-62@eZ563@f5 | |
| 建筑结构设计术语速查手册/中国建筑工业出版社编.-北京:中国建筑工业出版社,2009.10 |
| 157页;20cm |
| ISBN 978-7-112-11371-2:CNY22.00 |
| 本手册以与现行规范统一为标准,分结构形式收集了结构设计常用的规范中的名词术语近千条,并提供拼音检索和英译检索的方式方便查阅。 |
| ● |
| 相关链接 |
|
|
|
正题名:建筑结构设计术语速查手册
索取号:TU318-62/Z563
 
预约/预借
| 序号 | 登录号 | 条形码 | 馆藏地/架位号 | 状态 | 备注 |
| 1 | 1302252 | 213022520 | 建筑库101/101建筑库 81排1列5层/ [索取号:TU318-62/Z563] | 在馆 | |
| 2 | 1302253 | 213022539 | 建筑库101/101建筑库 81排1列5层/ [索取号:TU318-62/Z563] | 在馆 | |
| 3 | 1302254 | 213022548 | 建筑库101/101建筑库 81排1列5层/ [索取号:TU318-62/Z563] | 在馆 | |
| 4 | 1548876 | 215488764 | 建筑库101/101建筑库 81排1列5层/ [索取号:TU318-62/Z563] | 在馆 | |
| 5 | 1548877 | 215488773 | 建筑库101/101建筑库 81排1列5层/ [索取号:TU318-62/Z563] | 在馆 | |
| 6 | 1548878 | 215488782 | 建筑库101/101建筑库 81排1列5层/ [索取号:TU318-62/Z563] | 在馆 | |
| 7 | 898323 | 208983233 | 建筑库101/101建筑库 81排1列5层/ [索取号:TU318-62/Z563] | 在馆 | |
| 8 | 898324 | 208983242 | 建筑库101/101建筑库 81排1列5层/ [索取号:TU318-62/Z563] | 在馆 | |
| 9 | 898325 | 208983251 | 土木与交通工程学院资料室/土木与交通学院资料室 1排1列1层/ [索取号:TU318-62/Z563] | 在馆 | |
| 10 | 898326 | 208983260 | 建筑库101/101建筑库 81排1列5层/ [索取号:TU318-62/Z563] | 在馆 | |
| 11 | 898327 | 208983279 | 土木与交通工程学院资料室/土木与交通学院资料室 1排1列1层/ [索取号:TU318-62/Z563] | 在馆 |